<?xml version="1.0" encoding="UTF-8"?>
<collection xmlns="http://www.loc.gov/MARC21/slim">
  <record>
    <leader>00000nam  2200000   4500</leader>
    <controlfield tag="001">INLIS000000000018673</controlfield>
    <controlfield tag="005">20241204011208</controlfield>
    <datafield tag="035" ind1="#" ind2="#">
      <subfield code="a">0010-1224000044</subfield>
    </datafield>
    <controlfield tag="007">ta</controlfield>
    <controlfield tag="008">241204###########################0######</controlfield>
    <datafield tag="245" ind1="#" ind2="#">
      <subfield code="a">IMPAK :</subfield>
      <subfield code="b">Inovasi Mie Pencegah Stunting Dari Ikan Dan Daun Kelor /</subfield>
      <subfield code="c">Apt. Muhammad Israwan Azis, S.Farm., M.PHARM</subfield>
    </datafield>
    <datafield tag="260" ind1="#" ind2="#">
      <subfield code="a">Makassar :</subfield>
      <subfield code="b">Puslatbang KMP RI LAN Makassar,</subfield>
      <subfield code="c">2024</subfield>
    </datafield>
    <datafield tag="300" ind1="#" ind2="#">
      <subfield code="a">35 ;</subfield>
      <subfield code="c">30</subfield>
    </datafield>
    <datafield tag="650" ind1="#" ind2="4">
      <subfield code="a">Kegiatan Aktualisasi dengan tema gerakan Inovasi Mie Pencegah stunting dari Ikan dan Daun kelor untuk menjadi salah satu solusi inovatif dalam meningkatkan pemahaman masyarakat terkait stunting melalui inovasi makanan.</subfield>
    </datafield>
    <datafield tag="700" ind1=" " ind2="#">
      <subfield code="a">NS. Rosanani Naim, S.Kep., M.Kep (Mentor)</subfield>
    </datafield>
    <datafield tag="700" ind1=" " ind2="#">
      <subfield code="a">Luthfina Thalitha E.Z, SH (Coach)</subfield>
    </datafield>
    <datafield tag="520" ind1="#" ind2="#">
      <subfield code="a">Kegiatan Aktualisasi dengan tema gerakan Inovasi Mie Pencegah stunting dari Ikan dan Daun kelor untuk menjadi salah satu solusi inovatif dalam meningkatkan pemahaman masyarakat terkait stunting melalui inovasi makanan.&#13;
&#13;
dalam kegiatan ini, peserta LATSAR CPNS melakukan edukasi dan sosialisasi kepada masyarakat terkait bahaya stunting dan pencegahannya melalui mie sehat dari ikan dan daun kelor.&#13;
&#13;
hasil kegiatan ini menunjukkan bahwa peningkatan pemahaman masyarakat mengenai masalah stunting dan juga peningkatan informasi masyarakat terkait makanan- makanan yang dapat dikonsumsi untuk mencegah stunting, salah sattunya adalah mie sehat dari ikan dan daun kelor.&#13;
&#13;
gerakan ini diharapkan menjadi langkah awal dari pengentasan masalah stunting yang masih terus terjadi di daerah Kabupaten Kolaka.</subfield>
    </datafield>
    <datafield tag="856" ind1="#" ind2="#">
      <subfield code="a">PUSLATBANG KMP LAN RI Makassar</subfield>
    </datafield>
  </record>
</collection>
